Las múltiples ópticas de la "nueva arquitectura financiera internacional" (Registro nro. 28958)

Detalles MARC
000 -LEADER
fixed length control field 00401 a2200109 4500
001 - CONTROL NUMBER
control field ART_25962
005 - DATE AND TIME OF LATEST TRANSACTION
control field 20260410161935.0
008 - FIXED-LENGTH DATA ELEMENTS--GENERAL INFORMATION
fixed length control field 260409a
100 1# - MAIN ENTRY--PERSONAL NAME
Personal name Villanueva, Javier
245 10 - TITLE STATEMENT
Title Las múltiples ópticas de la "nueva arquitectura financiera internacional"
773 0# - HOST ITEM ENTRY
Title Anales de la Academia Nacional de Ciencias Económicas
Related parts - Vol. XLVII, (2002) (ene. 2002)
Record control number REV25596

No hay ítems disponibles.